000 00336nam a22001337a 4500
008 181022b xxu||||| |||| 00| 0 eng d
020 _a9780136249900
041 _aeng
080 _22nd
_a620
100 _a27
101 _aMEK
245 _aNumerical Methods for Mathematics, Science, and Engineering
_cMathews,J.H
942 _2udc
_cBK
999 _c50415
_d50415